Logo CIB grande

CONSTRUYENDO CAMBIOS DESARROLLO FORESTAL COMUNITARIO EN LOS ANDES (Registro nro. 233941)

Detalles MARC
000 -LEADER
campo de control de longitud fija 00681nam a2200253Ia 4500
005 - FECHA Y HORA DE LA ÚLTIMA TRANSACCIÓN
campo de control 20250425162650.0
008 - DATOS DE LONGITUD FIJA--INFORMACIÓN GENERAL
campo de control de longitud fija 250425s9999 xx 000 0 und d
020 ## - NÚMERO INTERNACIONAL ESTÁNDAR DEL LIBRO
Número Internacional Estándar del Libro 9978411575
041 ## - CÓDIGO DE IDIOMA
Código de lengua del texto/banda sonora o título independiente spa
043 ## - CÓDIGO DE ÁREA GEOGRÁFICA
Código de área geográfica ec
082 ## - NÚMERO DE LA CLASIFICACIÓN DECIMAL DEWEY
Número de clasificación 634.956
010 ## - NÚMERO DE CONTROL DE LA BIBLIOTECA DEL CONGRESO
Número de control de LC 95261
100 ## - ENTRADA PRINCIPAL--NOMBRE DE PERSONA
Nombre de persona KENNEY-JORDAN, CHARLES B.
245 #0 - MENCIÓN DEL TÍTULO
Título CONSTRUYENDO CAMBIOS DESARROLLO FORESTAL COMUNITARIO EN LOS ANDES
250 ## - MENCION DE EDICION
Mención de edición S.E
260 ## - PUBLICACIÓN, DISTRIBUCIÓN, ETC.
Lugar de publicación, distribución, etc. Ecuador
Nombre del editor, distribuidor, etc. ORGANIZACION DE LAS NACIONES UNIDAS PARA LA AGRICULTURA Y LA ALIMENTACION
Fecha de publicación, distribución, etc. 1999
260 ## - PUBLICACIÓN, DISTRIBUCIÓN, ETC.
Lugar de publicación, distribución, etc. QUITO
300 ## - DESCRIPCIÓN FÍSICA
Extensión 446
650 ## - PUNTO DE ACCESO ADICIONAL DE MATERIA--TÉRMINO DE MATERIA
Término de materia o nombre geográfico como elemento de entrada FORESTACION
700 ## - ENTRADA AGREGADA--NOMBRE PERSONAL
Nombre de persona ANDRADE, MIGUEL
700 ## - ENTRADA AGREGADA--NOMBRE PERSONAL
Nombre de persona AÑAZCO, MARIO
700 ## - ENTRADA AGREGADA--NOMBRE PERSONAL
Nombre de persona HERZ, CARLOS
942 ## - ELEMENTOS DE ENTRADA SECUNDARIOS (KOHA)
Tipo de ítem Koha Libros
Existencias
Estatus retirado Estado de pérdida Estado de daño No para préstamo Biblioteca de origen Biblioteca actual Fecha de adquisición Coste, precio normal de compra Total de préstamos Código de barras Copia número
        CENTRO NACIONAL DE INVESTIGACIONES MARINAS CENTRO NACIONAL DE INVESTIGACIONES MARINAS 14/10/2015 15.00   65408 1

Copyright 2025 ESPOL. Todos los derechos reservados.